[Event "FRA-chT2S 9798"]
[Site "France"]
[Date "1998.??.??"]
[Round "9"]
[White "Gillet, Franck"]
[Black "Castanier, Carl"]
[Result "0-1"]
[WhiteElo "1760"]
[BlackElo "1870"]
[PlyCount "64"]
[EventDate "1997.??.??"]
[EventType "team-tourn"]
[EventRounds "9"]
[EventCountry "FRA"]
[SourceTitle "EXT 2003"]
[Source "ChessBase"]
[SourceDate "2002.11.25"]
[SourceVersion "1"]
[SourceVersionDate "2002.11.25"]
[SourceQuality "1"]

1. e4 e5 2. Nf3 Nc6 3. Bb5 d6 4. 0-0 a6 5. Ba4 Bg4 6. h3 Bh5 7. c3 Nf6 8. d3 Be7 9. Nbd2 0-0 10. Re1 b5 11. Bc2 d5 12. exd5 Qxd5 13. Qe2 Rfe8 14. Ne4 Rad8 15. Be3 Na5 16. Red1 c5 17. b4 Nb7 18. Bb3 Qc6 19. Nxf6+ Bxf6 20. g4 Bg6 21. g5 e4 22. dxe4 Bxc3 23. Bd5 Qc7 24. Nd2 Bxa1 25. Rxa1 h6 26. h4 hxg5 27. hxg5 Nd6 28. Qg4 Nxe4 29. Bxe4 Qe5 30. Rd1 Bxe4 31. Bxc5 Bc2 32. f4 Bxd1 0-1